| 000 | 00602cam a22002052 4500 | ||
|---|---|---|---|
| 001 | 0000021186 | ||
| 005 | 20151217152227.0 | ||
| 008 | 120202s xx 000 0 eng d | ||
| 020 | _a1412958400 : | ||
| 040 |
_aKABU _cKABU |
||
| 245 | 1 | 4 |
_aThe Handbook of social work research methods / _ceditor, Bruce Thyer. |
| 250 | _a2nd ed. | ||
| 260 |
_aLos Angeles : _bSage, _c2010. |
||
| 300 | _axiii, 654 p. | ||
| 650 | 0 |
_aSocial service _xResearch. _@0000168010 |
|
| 700 | 1 |
_aThyer, Bruce. _@0000181929 |
|
| 852 | 1 | _9p13520 KES | |
| 908 | _a120202 | ||
| 950 | _@1 | ||
| 999 |
_c9581 _d9581 |
||